000
00476nam a2200181Ia 4500
008
090123s9999 xx 000 0 und d
082
_b
3756
_a
891.463/कदम
100
_a
कदम बाबा
245
_a
साकी
250
_a
1
260
_b
"रंजना,कनकेश्वर"
_c
1974
300
_a
236
600
_a
कदम बाबा
630
_a
साकी
700
_a
कदम बाबा
730
_a
साकी
942
_c
BOOK
999
_c
41835
_d
41835